[Event "World Cup Knockout ((tie-break)) 2019"]
[Site "Khanty-Mansiysk RUS"]
[Date "2019.09.18"]
[Round "3"]
[White "Giri, Anish"]
[Black "Xiong, Jeffery"]
[Result "0-1"]
[WhiteElo "2780"]
[BlackElo "2707"]
[PlyCount "72"]
[EventDate "2019.09.10"]

1. Nf3 g6 2. e4 Bg7 3. d4 d6 4. Be3 Nf6 5. Nc3 O-O 6. Qd2 Nc6 7. d5 Nb8 8. Bh6
c6 9. Bxg7 Kxg7 10. O-O-O cxd5 11. exd5 Bg4 12. Be2 Nbd7 13. Rhe1 Rc8 14. Nd4
Bxe2 15. Rxe2 Ne5 16. f4 Nc4 17. Qd3 Qb6 18. b3 Na3 19. Rxe7 Qb4 20. Nde2 Rc5
21. Qd4 a5 22. Kb2 Rc4 23. Qd3 Rfc8 24. Rc1 b5 25. f5 Rxc3 26. Nxc3 Rxc3 27.
Qe2 Nc4+ 28. Ka1 Ne5 29. fxg6 hxg6 30. Rf1 Qd4 31. Kb1 Nxd5 32. Rd1 Rd3 33.
Rxd3 Nxd3 34. Qxd3 Qxd3 35. Rxf7+ Kxf7 36. cxd3 Nf4 0-1

[Event "World Cup Knockout ((tie-break)) 2019"]
[Site "Khanty-Mansiysk RUS"]
[Date "2019.09.18"]
[Round "3"]
[White "Vachier-Lagrave, Maxime"]
[Black "Jakovenko, Dmitry"]
[Result "1/2-1/2"]
[WhiteElo "2774"]
[BlackElo "2681"]
[PlyCount "79"]
[EventDate "2019.09.10"]

1. e4 e5 2. Nf3 Nc6 3. Bc4 Bc5 4. c3 Nf6 5. d3 d6 6. O-O a6 7. a4 Ba7 8. Re1
O-O 9. h3 Be6 10. Bxe6 fxe6 11. Be3 Bxe3 12. Rxe3 a5 13. Nbd2 Qe8 14. d4 exd4
15. Nxd4 e5 16. Qb3+ Kh8 17. Ne6 Rf7 18. Ng5 Re7 19. Nf1 Rb8 20. Ng3 Qg6 21.
Nf3 Qf7 22. Qb5 Ree8 23. Nd2 Nd7 24. Rf3 Qe6 25. Nb3 Na7 26. Qd5 b6 27. Nd2
Qxd5 28. exd5 Nc8 29. Nge4 Ne7 30. c4 Nc5 31. Raa3 Nxe4 32. Nxe4 Kg8 33. h4 Rf8
34. Rxf8+ Rxf8 35. g3 Nf5 36. Nc3 Nd4 37. Nb5 Nxb5 38. cxb5 Rf7 39. Kg2 Kf8 40.
Rf3 1/2-1/2

[Event "World Cup Knockout ((tie-break)) 2019"]
[Site "Khanty-Mansiysk RUS"]
[Date "2019.09.18"]
[Round "3"]
[White "Tomashevsky, Evgeny"]
[Black "Nepomniachtchi, Ian"]
[Result "1-0"]
[WhiteElo "2718"]
[BlackElo "2776"]
[PlyCount "139"]
[EventDate "2019.09.10"]

1. d4 Nf6 2. c4 g6 3. Nf3 Bg7 4. g3 c6 5. Bg2 d5 6. O-O O-O 7. a4 Na6 8. Na3
Bf5 9. Bf4 Be4 10. Qb3 Qb6 11. Qc3 Qb4 12. Rfc1 Rfc8 13. a5 c5 14. Be5 dxc4 15.
Qxc4 Qxc4 16. Nxc4 cxd4 17. Nxd4 Bxg2 18. Kxg2 Nd7 19. Bxg7 Kxg7 20. Rc3 Rc5
21. b3 Ne5 22. Ra4 Rac8 23. f4 Nc6 24. Nxc6 R5xc6 25. Re3 e6 26. Ne5 Rd6 27.
Rc4 Rxc4 28. Nxc4 Rd5 29. Rc3 Rb5 30. Kf2 h5 31. Ke3 Nb4 32. Kd2 Nc6 33. Nd6
Rxa5 34. Nxb7 Ra2+ 35. Ke3 Nb4 36. Kf3 Nd5 37. Rc8 Nb6 38. Rc6 Kf6 39. Nd6 Ke7
40. Ne4 Nd5 41. Rc5 Ra1 42. Rb5 Rf1+ 43. Kg2 Rc1 44. Ra5 Rc7 45. Kf3 Nf6 46.
Nc5 Nd7 47. Nd3 Nb6 48. Ke4 Nd5 49. Kd4 Nc3 50. e4 Ne2+ 51. Ke3 Nc3 52. Nc5 Kd6
53. b4 Ke7 54. Kd3 Nd1 55. Ra2 Rc8 56. Rxa7+ Ke8 57. e5 Rb8 58. Nb7 Kf8 59. b5
Nf2+ 60. Kd4 Ng4 61. Nd6 Nxh2 62. Rxf7+ Kg8 63. Rf6 Kh7 64. Kc5 Nf1 65. Ne4
Rc8+ 66. Kd6 Rb8 67. Kc6 Rc8+ 68. Kd7 Rb8 69. Kxe6 Rxb5 70. Rf7+ 1-0

[Event "World Cup Knockout ((tie-break)) 2019"]
[Site "Khanty-Mansiysk RUS"]
[Date "2019.09.18"]
[Round "3"]
[White "Dominguez Perez, Leinier"]
[Black "Wang, Hao"]
[Result "1-0"]
[WhiteElo "2763"]
[BlackElo "2726"]
[PlyCount "107"]
[EventDate "2019.09.10"]

1. e4 e5 2. Nf3 Nc6 3. Bb5 Nf6 4. d3 Bc5 5. c3 O-O 6. O-O d6 7. Nbd2 a6 8. Ba4
Ba7 9. h3 Ne7 10. d4 Ng6 11. Bc2 Re8 12. Re1 Bd7 13. Nf1 c5 14. dxc5 dxc5 15.
Bg5 Be6 16. Ne3 c4 17. Qe2 Bxe3 18. Bxe3 h6 19. Nd2 b5 20. a4 Qe7 21. Ra2 b4
22. Nxc4 bxc3 23. bxc3 Qc7 24. Bd3 Rad8 25. Bb6 Qc8 26. Bxd8 Rxd8 27. Nb6 Qxc3
28. Bc4 Bxc4 29. Nxc4 Nf4 30. Qf1 Nd3 31. Rd1 Qxc4 32. Ra3 Nxe4 33. Raxd3 Rxd3
34. Qxd3 Qxa4 35. Rc1 g5 36. Qd5 Qd4 37. Qxd4 exd4 38. Rc4 Nc3 39. Kf1 Nb5 40.
Rc6 Kg7 41. Ke2 Nc3+ 42. Kd3 Nd5 43. Ke4 Nf4 44. Kf3 a5 45. Ra6 Ne6 46. Rxa5
Kg6 47. g3 h5 48. Ke4 Kf6 49. Rd5 Kg6 50. Ke5 h4 51. gxh4 Nf4 52. Rd6+ Kh5 53.
hxg5 Nd3+ 54. Ke4 1-0

[Event "World Cup Knockout ((tie-break)) 2019"]
[Site "Khanty-Mansiysk RUS"]
[Date "2019.09.18"]
[Round "3"]
[White "Artemiev, Vladislav"]
[Black "Le, Quang Liem"]
[Result "1/2-1/2"]
[WhiteElo "2746"]
[BlackElo "2708"]
[PlyCount "121"]
[EventDate "2019.09.10"]

1. Nf3 c5 2. e4 Nc6 3. Bb5 g6 4. O-O Bg7 5. c3 Nf6 6. Re1 O-O 7. h3 e5 8. d3 d6
9. Nbd2 h6 10. Nf1 Be6 11. Ng3 Rc8 12. Ba4 Nd7 13. Bb3 Re8 14. Be3 a6 15. a3 b5
16. Bxe6 Rxe6 17. b4 Nb6 18. h4 Na4 19. Qb3 h5 20. Rac1 Qd7 21. Nf1 Ree8 22.
Ng5 Rc7 23. Bd2 Nb6 24. Qa2 Kh8 25. Ne3 f6 26. Nf3 Rec8 27. bxc5 dxc5 28. Nd5
Nxd5 29. exd5 Ne7 30. c4 Nf5 31. Be3 Rb7 32. Qe2 Kh7 33. Rc2 bxc4 34. dxc4 Rb3
35. Rb2 Rxa3 36. Bd2 Re8 37. Qe4 Nd6 38. Qe2 e4 39. Nh2 f5 40. Rb6 Ra2 41. Nf1
a5 42. Rc1 a4 43. Qd1 Ra8 44. Bf4 Ne8 45. Rcb1 Ra7 46. Bb8 Ra8 47. Rb7 Qd8 48.
g3 Nd6 49. Bxd6 Qxd6 50. Ne3 Qe5 51. Ng2 a3 52. Nf4 Rb2 53. R1xb2 axb2 54. Kg2
Ra1 55. Qc2 Rc1 56. Qa4 b1=Q 57. Rxb1 Rxb1 58. Ne6 Qa1 59. Ng5+ Kh6 60. Nf7+
Kh7 61. Ng5+ 1/2-1/2

[Event "World Cup Knockout ((tie-break)) 2019"]
[Site "Khanty-Mansiysk RUS"]
[Date "2019.09.18"]
[Round "3"]
[White "Vachier-Lagrave, Maxime"]
[Black "Jakovenko, Dmitry"]
[Result "1-0"]
[WhiteElo "2774"]
[BlackElo "2681"]
[PlyCount "93"]
[EventDate "2019.09.10"]

1. e4 e5 2. Nf3 Nc6 3. Bc4 Bc5 4. c3 Nf6 5. d3 d6 6. O-O a6 7. a4 Ba7 8. Re1
O-O 9. h3 Be6 10. Bxe6 fxe6 11. Be3 Bxe3 12. Rxe3 a5 13. Nbd2 Qd7 14. Nf1 h6
15. Ng3 Qf7 16. Qb3 Ra6 17. Rd1 Rb6 18. Qc2 Nh5 19. Nxh5 Qxh5 20. d4 exd4 21.
cxd4 Qf7 22. d5 Nb4 23. Qd2 Na6 24. dxe6 Qxe6 25. e5 Nb4 26. Nd4 Qe7 27. exd6
Qxd6 28. Qe2 Nd5 29. Re8 Rxe8 30. Qxe8+ Qf8 31. Qe5 c6 32. b3 Qf6 33. Qe8+ Qf8
34. Qe1 Rb4 35. g3 Qf6 36. Qe8+ Qf8 37. Qe5 Qf6 38. Qe8+ Qf8 39. Qg6 Qf6 40.
Qd3 Kf7 41. Nc2 Rb6 42. Ne3 Qe6 43. Nxd5 Qxd5 44. Qe2 Qf5 45. Rd8 Kg6 46. Qe8+
Kg5 47. f4+ 1-0

[Event "World Cup Knockout ((tie-break)) 2019"]
[Site "Khanty-Mansiysk RUS"]
[Date "2019.09.18"]
[Round "3"]
[White "Nepomniachtchi, Ian"]
[Black "Tomashevsky, Evgeny"]
[Result "1-0"]
[WhiteElo "2776"]
[BlackElo "2718"]
[PlyCount "69"]
[EventDate "2019.09.10"]

1. e4 e5 2. Nf3 Nc6 3. Nc3 Nf6 4. Bb5 Bd6 5. O-O O-O 6. d3 h6 7. a3 Re8 8. Be3
Bf8 9. Bc4 d6 10. h3 Be6 11. Bxe6 Rxe6 12. Nd5 Ne7 13. c4 c6 14. Nxf6+ Rxf6 15.
d4 exd4 16. Nxd4 Qd7 17. Qc2 d5 18. exd5 cxd5 19. c5 Nc6 20. Rad1 Re8 21. Ne2
Rg6 22. Kh1 Re5 23. b4 a6 24. Rd2 a5 25. Nf4 Rf6 26. b5 Nd8 27. Bd4 Qxb5 28.
Qb1 Qe8 29. Bxe5 Qxe5 30. Rxd5 Qxf4 31. Rxd8 Qc7 32. Ra8 Qxc5 33. Rc1 Rb6 34.
Rxc5 Rxb1+ 35. Kh2 1-0

[Event "World Cup Knockout ((tie-break)) 2019"]
[Site "Khanty-Mansiysk RUS"]
[Date "2019.09.18"]
[Round "3"]
[White "Dominguez Perez, Leinier"]
[Black "Wang, Hao"]
[Result "1-0"]
[WhiteElo "2763"]
[BlackElo "2726"]
[PlyCount "203"]
[EventDate "2019.09.10"]

1. e4 e5 2. Nf3 Nc6 3. Bb5 Nf6 4. d3 Bc5 5. Bxc6 dxc6 6. Nbd2 Be6 7. O-O Nd7 8.
Nb3 Bb6 9. Ng5 Bxb3 10. axb3 Qe7 11. Nf3 O-O 12. Nd2 Nc5 13. Nc4 f6 14. b4 Ne6
15. c3 Rad8 16. Qe2 a6 17. g3 Rd7 18. Be3 Bxe3 19. Nxe3 Rfd8 20. Rad1 c5 21.
bxc5 Nxc5 22. b4 Ne6 23. f4 Nf8 24. f5 Qf7 25. Qc2 b5 26. Rd2 Rd6 27. Rfd1 Nd7
28. c4 c6 29. c5 Rd4 30. Qc3 a5 31. Nc2 axb4 32. Nxb4 Nb8 33. Ra1 h6 34. Ra8
Qh5 35. Kg2 Qg5 36. Re2 Kh7 37. Rxb8 Rxb8 38. Nxc6 b4 39. Qb3 Rdd8 40. Nxb8
Rxb8 41. c6 Qc1 42. Qc2 Qxc2 43. Rxc2 Rc8 44. Kf3 b3 45. Rb2 Rxc6 46. Rxb3 Rc2
47. h3 h5 48. d4 exd4 49. Rd3 Rh2 50. Rxd4 h4 51. Kg4 hxg3 52. Kxg3 Ra2 53. Rd3
Re2 54. Kf3 Rh2 55. Kg4 Rg2+ 56. Rg3 Ra2 57. Kf4 Rf2+ 58. Ke3 Ra2 59. Kd4 Ra4+
60. Kd5 Ra5+ 61. Ke6 Ra6+ 62. Kf7 Ra7+ 63. Kf8 Ra8+ 64. Ke7 Ra7+ 65. Kd6 Ra6+
66. Kc5 Ra5+ 67. Kc6 Re5 68. Rg4 Kg8 69. Kd6 Kh7 70. Rf4 Kg8 71. Rh4 Kf7 72.
Rg4 Kg8 73. h4 Kh7 74. h5 Re8 75. Kd5 Re5+ 76. Kd4 Re7 77. Rg6 Rf7 78. Kd5 Rf8
79. Ke6 Ra8 80. h6 Ra6+ 81. Kf7 Ra7+ 82. Ke6 Ra6+ 83. Ke7 Ra7+ 84. Kd8 Ra8+ 85.
Kc7 Re8 86. hxg7 Kg8 87. Rxf6 Rxe4 88. Rg6 Re1 89. Kd6 Rf1 90. Ke6 Re1+ 91. Kf6
Rh1 92. Ke6 Re1+ 93. Kf6 Rh1 94. Ke7 Ra1 95. f6 Ra7+ 96. Ke6 Ra6+ 97. Kf5 Ra5+
98. Kg4 Ra4+ 99. Kh5 Ra5+ 100. Rg5 Ra7 101. Rc5 Kh7 102. Rc8 1-0

[Event "World Cup Knockout ((tie-break)) 2019"]
[Site "Khanty-Mansiysk RUS"]
[Date "2019.09.18"]
[Round "3"]
[White "Jakovenko, Dmitry"]
[Black "Vachier-Lagrave, Maxime"]
[Result "1/2-1/2"]
[WhiteElo "2681"]
[BlackElo "2774"]
[PlyCount "83"]
[EventDate "2019.09.10"]

1. Nf3 Nf6 2. c4 c5 3. Nc3 e6 4. g3 b6 5. Bg2 Bb7 6. O-O Be7 7. b3 O-O 8. Bb2
d6 9. e3 Nbd7 10. Qe2 a6 11. Rfd1 Qc7 12. d4 Ne4 13. d5 Nxc3 14. Bxc3 exd5 15.
cxd5 Bf6 16. Rac1 Rfe8 17. Nh4 Bxc3 18. Rxc3 Nf6 19. Qd3 b5 20. h3 g6 21. Rcc1
Qe7 22. Re1 Ne4 23. Nf3 Qf6 24. Rc2 b4 25. Nh2 Nc3 26. Ng4 Qg7 27. e4 f5 28.
Ne3 fxe4 29. Qf1 a5 30. Nc4 Ba6 31. Rd2 a4 32. h4 axb3 33. axb3 Qf6 34. Bh3 e3
35. fxe3 Qxf1+ 36. Bxf1 Bxc4 37. Bxc4 Re5 38. Rf2 Ne4 39. Rg2 Kg7 40. Rf1 Rf8
41. Rxf8 Kxf8 42. g4 1/2-1/2

[Event "World Cup Knockout ((tie-break)) 2019"]
[Site "Khanty-Mansiysk RUS"]
[Date "2019.09.18"]
[Round "3"]
[White "Tomashevsky, Evgeny"]
[Black "Nepomniachtchi, Ian"]
[Result "0-1"]
[WhiteElo "2718"]
[BlackElo "2776"]
[PlyCount "63"]
[EventDate "2019.09.10"]

1. d4 Nf6 2. Nf3 g6 3. Bf4 Bg7 4. e3 O-O 5. c3 d6 6. h3 Nbd7 7. Be2 Qe8 8. a4
a5 9. O-O b6 10. Na3 Bb7 11. Bh2 Ne4 12. Nd2 Nxd2 13. Qxd2 e5 14. Nb5 Rc8 15.
Rfd1 Qe7 16. Qc2 f5 17. dxe5 Bxe5 18. Bxe5 Nxe5 19. Rd4 Qg5 20. g3 Qh6 21. Kh2
g5 22. Qd1 Rf6 23. f4 Nf7 24. fxg5 Qxg5 25. Rf4 Kh8 26. Qg1 Ne5 27. Raf1 Rh6
28. Rxf5 Qg4 29. Rf8+ Rxf8 30. Rxf8+ Kg7 31. Rf7+ Kxf7 32. Qf1+ 0-1

[Event "World Cup Knockout ((tie-break)) 2019"]
[Site "Khanty-Mansiysk RUS"]
[Date "2019.09.18"]
[Round "3"]
[White "Wang, Hao"]
[Black "Dominguez Perez, Leinier"]
[Result "1/2-1/2"]
[WhiteElo "2726"]
[BlackElo "2763"]
[PlyCount "128"]
[EventDate "2019.09.10"]

1. Nf3 d5 2. g3 Nf6 3. Bg2 e6 4. O-O Be7 5. d3 O-O 6. Nbd2 c5 7. e4 Nc6 8. Re1
Qc7 9. e5 Nd7 10. Qe2 b5 11. Nf1 Bb7 12. Bf4 Rfc8 13. h4 Qd8 14. h5 h6 15. N1h2
b4 16. Ng4 Bf8 17. Qd2 Ne7 18. Ne3 d4 19. Nc4 Nd5 20. g4 Nxf4 21. Qxf4 Be7 22.
Qg3 Nb6 23. Nfd2 Bd5 24. b3 Rab8 25. a3 Bxg2 26. Qxg2 Nd5 27. Ne4 a5 28. a4 Bg5
29. Qf3 Ra8 30. Ned6 Rc7 31. Nb5 Rd7 32. Re4 Qe7 33. Rae1 Rdd8 34. Kg2 Rf8 35.
Qg3 f5 36. exf6 Rxf6 37. Ne5 Bf4 38. Rxf4 Nxf4+ 39. Kg1 Raf8 40. Re4 Nd5 41. f3
Qd8 42. Kf2 Ne3 43. Ke2 Qb8 44. f4 Nd5 45. g5 Nxf4+ 46. Kd2 hxg5 47. Nd7 Qd8
48. Nxf8 Rxf8 49. Kc1 Qd5 50. Kb2 Rf7 51. Qe1 g4 52. Qg3 Qg5 53. Nd6 Rf8 54.
Nc4 Nxh5 55. Rxg4 Nxg3 56. Rxg5 Ne2 57. Nxa5 Rf1 58. Nc4 Nc3 59. Nd2 Rd1 60.
Rg2 Rh1 61. a5 Nd1+ 62. Ka2 Nc3+ 63. Kb2 Nd1+ 64. Ka2 Nc3+ 1/2-1/2

[Event "FIDE World Cup 2019"]
[Site "Khanty-Mansiysk RUS"]
[Date "2019.09.20"]
[Round "7"]
[White "Ding, Liren"]
[Black "Alekseenko, Kirill"]
[Result "1/2-1/2"]
[WhiteElo "2811"]
[BlackElo "2671"]
[PlyCount "139"]
[EventDate "2019.09.10"]

1. d4 Nf6 2. c4 e6 3. g3 d5 4. Bg2 Bb4+ 5. Bd2 Be7 6. Nf3 O-O 7. O-O Nbd7 8.
Qc2 c6 9. Rc1 a5 10. a3 h6 11. e3 Re8 12. b3 a4 13. b4 Ne4 14. c5 Bf6 15. Nc3
e5 16. Nxe4 dxe4 17. Nxe5 Nxe5 18. dxe5 Bxe5 19. Bc3 Bxc3 20. Qxc3 Bg4 21. Ra2
Qe7 22. Rd2 Rad8 23. Rd4 Rxd4 24. Qxd4 Be2 25. Qc3 Qe6 26. Qc2 Bd3 27. Qxa4 Qa2
28. Bf1 Re5 29. Qd1 Rf5 30. Qe1 Qxa3 31. Ra1 Qb2 32. Ra8+ Kh7 33. Rd8 Bxf1 34.
Kxf1 Rd5 35. Rxd5 cxd5 36. Qd1 Qxb4 37. Qxd5 Kg8 38. Kg2 g6 39. g4 Qb1 40. h3
Kg7 41. Qe5+ Kh7 42. Qd5 Kg7 43. Qe5+ Kh7 44. Qe8 Kg7 45. Qb8 Qb5 46. Qe5+ Kg8
47. Qxe4 Qxc5 48. Qxb7 h5 49. Qb8+ Kg7 50. Kg3 hxg4 51. hxg4 Qc1 52. Qe5+ Kh7
53. Kg2 Qc6+ 54. e4 Qd7 55. Qf4 Kg7 56. g5 Qd4 57. Kg3 Qc3+ 58. Kg4 Qc8+ 59.
Kf3 Qc3+ 60. Qe3 Qa1 61. Kg2 Qe5 62. Kf3 Qa1 63. Kf4 Qb2 64. Qc5 Qd2+ 65. Kg3
Qd3+ 66. f3 Qd2 67. Qe5+ Kg8 68. Qf6 Qe1+ 69. Kf4 Qc1+ 70. Kg4 1/2-1/2

[Event "FIDE World Cup 2019"]
[Site "Khanty-Mansiysk RUS"]
[Date "2019.09.20"]
[Round "7"]
[White "Duda, Jan-Krzysztof"]
[Black "Xiong, Jeffery"]
[Result "1-0"]
[WhiteElo "2730"]
[BlackElo "2707"]
[PlyCount "83"]
[EventDate "2019.09.10"]

1. c4 c5 2. Nf3 Nc6 3. Nc3 Nf6 4. g3 d5 5. cxd5 Nxd5 6. Bg2 Nc7 7. O-O g6 8.
Na4 Ne6 9. d3 Ncd4 10. Be3 Bg7 11. Rc1 O-O 12. Nxc5 Nf5 13. Nxe6 Bxe6 14. Bc5
Bxb2 15. Rb1 Bg7 16. Rxb7 Qc8 17. Rb5 a6 18. Ra5 Bc3 19. Qa4 Rb8 20. d4 Bxa5
21. Qxa5 Rb2 22. e4 Nd6 23. Qa3 Rxa2 24. Qe3 f6 25. Rc1 Qd7 26. d5 Bh3 27. Bxh3
Qxh3 28. Bxd6 exd6 29. Nd4 Rc8 30. Nc6 Re8 31. Nd4 Rc8 32. Rb1 Ra4 33. Ne6 Rac4
34. Re1 g5 35. e5 dxe5 36. Qa7 Qh6 37. d6 Rc1 38. Rxc1 Rxc1+ 39. Kg2 g4 40. h4
gxh3+ 41. Kh2 Qg6 42. Qa8+ 1-0

[Event "FIDE World Cup 2019"]
[Site "Khanty-Mansiysk RUS"]
[Date "2019.09.20"]
[Round "7"]
[White "Vachier-Lagrave, Maxime"]
[Black "Svidler, Peter"]
[Result "1-0"]
[WhiteElo "2774"]
[BlackElo "2729"]
[PlyCount "83"]
[EventDate "2019.09.10"]

1. e4 e5 2. Nf3 Nc6 3. Bb5 a6 4. Ba4 Nf6 5. O-O Be7 6. Re1 b5 7. Bb3 O-O 8. c3
d6 9. h3 Na5 10. Bc2 c5 11. d4 Qc7 12. Nbd2 cxd4 13. cxd4 Nc6 14. Nb3 a5 15.
Be3 a4 16. Nbd2 Bd7 17. Rc1 Rac8 18. Bd3 Qb7 19. Qe2 h6 20. a3 exd4 21. Nxd4
Nxd4 22. Bxd4 Rxc1 23. Rxc1 b4 24. Nc4 bxa3 25. bxa3 Bb5 26. Nxd6 Bxd3 27. Qxd3
Bxd6 28. Bxf6 Bf4 29. Rb1 Qc7 30. Bc3 Rd8 31. Qf3 Rc8 32. Bb4 Qc1+ 33. Qd1 Qc4
34. g3 Qxe4 35. gxf4 Rc6 36. f5 Qxf5 37. Bd6 Qxh3 38. Rb4 Rc3 39. Rd4 Kh7 40.
Qxa4 Qf3 41. Qd1 Qc6 42. Qf1 1-0

[Event "FIDE World Cup 2019"]
[Site "Khanty-Mansiysk RUS"]
[Date "2019.09.20"]
[Round "7"]
[White "Vitiugov, Nikita"]
[Black "So, Wesley"]
[Result "1-0"]
[WhiteElo "2732"]
[BlackElo "2767"]
[PlyCount "119"]
[EventDate "2019.09.10"]

1. e4 e5 2. Nf3 Nf6 3. d4 Nxe4 4. Bd3 d5 5. Nxe5 Nd7 6. Nc3 Nxe5 7. dxe5 Nxc3
8. bxc3 Be7 9. O-O O-O 10. f4 f5 11. Be3 Be6 12. a4 Qd7 13. Qf3 Rfd8 14. Rfd1
c5 15. Kh1 g6 16. h3 Qc7 17. Qf2 b6 18. Qe1 Kh8 19. Be2 Rg8 20. Bf3 Rad8 21. a5
b5 22. a6 Rd7 23. Rdb1 Rb8 24. Bf2 Rdd8 25. Qe2 Qb6 26. Rb2 Rd7 27. Qf1 Rc7 28.
Be2 Bd7 29. Qd1 Qe6 30. Ra5 Kg7 31. Qa1 g5 32. Bxb5 Rxb5 33. Raxb5 Bxb5 34.
Rxb5 gxf4 35. Qa5 Qxe5 36. Rb7 Rxb7 37. axb7 f3 38. gxf3 Bd6 39. Kg2 Qh2+ 40.
Kf1 Qxh3+ 41. Ke2 Qh2 42. Qxa7 Kf6 43. Qb6 Ke7 44. Qc6 Kd8 45. Qc8+ Ke7 46.
Qxf5 Kd8 47. Kf1 Qh1+ 48. Bg1 Bh2 49. Qg4 Bd6 50. Ke2 Ke7 51. Bxc5 Qh2+ 52. Bf2
h5 53. Qf5 Kd8 54. Qc8+ Ke7 55. Qf5 Kd8 56. Qf7 h4 57. Qg8+ Kd7 58. Qg4+ Kc6
59. Qc8+ Kb5 60. b8=Q+ 1-0

[Event "FIDE World Cup 2019"]
[Site "Khanty-Mansiysk RUS"]
[Date "2019.09.20"]
[Round "7"]
[White "Nepomniachtchi, Ian"]
[Black "Yu, Yangyi"]
[Result "1/2-1/2"]
[WhiteElo "2776"]
[BlackElo "2763"]
[PlyCount "103"]
[EventDate "2019.09.10"]

1. e4 c5 2. Nf3 e6 3. d4 cxd4 4. Nxd4 Nf6 5. Nc3 Nc6 6. Ndb5 d6 7. Bf4 e5 8.
Bg5 a6 9. Na3 b5 10. Nd5 Be7 11. Bxf6 Bxf6 12. c4 b4 13. Nc2 O-O 14. g3 Bg5 15.
Bg2 a5 16. O-O Ne7 17. Nce3 Bxe3 18. Nxe3 Be6 19. b3 Ra7 20. Qd3 Nc6 21. Rfd1
Nd4 22. Nc2 Nxc2 23. Qxc2 a4 24. Rab1 Qb6 25. Rd2 axb3 26. axb3 Rfa8 27. h3 h6
28. Rbd1 Ra1 29. Kh2 Qc5 30. Bf3 f6 31. Rxa1 Rxa1 32. Qd3 Ra6 33. Bg4 Bf7 34.
Bd7 Kf8 35. Bb5 Ra3 36. Kg2 Kg8 37. Qf3 Kh8 38. h4 Ra8 39. Qg4 Qc7 40. h5 Kg8
41. Qd1 Rd8 42. Kh2 Be6 43. g4 Kh7 44. Ra2 Qb7 45. f3 Ra8 46. Rxa8 Qxa8 47.
Qxd6 Qa2+ 48. Kg3 Qxb3 49. g5 Qe3 50. g6+ Kh8 51. Qxe6 Qg1+ 52. Kh3 1/2-1/2

[Event "FIDE World Cup 2019"]
[Site "Khanty-Mansiysk RUS"]
[Date "2019.09.20"]
[Round "7"]
[White "Le, Quang Liem"]
[Black "Aronian, Levon"]
[Result "1/2-1/2"]
[WhiteElo "2708"]
[BlackElo "2758"]
[PlyCount "62"]
[EventDate "2019.09.10"]

1. e4 e5 2. Nf3 Nc6 3. Bb5 a6 4. Ba4 Nf6 5. O-O Be7 6. Re1 b5 7. Bb3 O-O 8. a4
b4 9. d4 d6 10. dxe5 Nxe5 11. Nbd2 Nxf3+ 12. Nxf3 Bb7 13. e5 Nd7 14. Bf4 Nc5
15. exd6 Bxd6 16. Bxd6 cxd6 17. Bd5 Bxd5 18. Qxd5 Ne6 19. Nd4 Nxd4 20. Qxd4 Rc8
21. Re2 a5 22. g3 h6 23. b3 Rc6 24. Rd1 Qc7 25. Rdd2 Rc8 26. h4 Rc5 27. Qxd6
Qxd6 28. Rxd6 Rxc2 29. Rxc2 Rxc2 30. Rd5 Rc3 31. Rxa5 Rxb3 1/2-1/2

[Event "FIDE World Cup 2019"]
[Site "Khanty-Mansiysk RUS"]
[Date "2019.09.20"]
[Round "7"]
[White "Mamedyarov, Shakhriyar"]
[Black "Radjabov, Teimour"]
[Result "1/2-1/2"]
[WhiteElo "2767"]
[BlackElo "2758"]
[PlyCount "50"]
[EventDate "2019.09.10"]

1. e4 e5 2. Nf3 Nc6 3. Bb5 Nf6 4. O-O Nxe4 5. Re1 Nd6 6. Nxe5 Be7 7. Bf1 Nxe5
8. Rxe5 O-O 9. d4 Bf6 10. Re1 Re8 11. c3 Rxe1 12. Qxe1 Qe8 13. Qxe8+ Nxe8 14.
Bf4 d5 15. Nd2 Be7 16. Re1 Kf8 17. Bd3 Bd6 18. Bxd6+ Nxd6 19. f3 Bf5 20. Bxf5
Nxf5 21. Re5 Ne7 22. Re1 Nf5 23. Re5 Ne7 24. Re1 Nf5 25. Re5 Ne7 1/2-1/2

[Event "FIDE World Cup 2019"]
[Site "Khanty-Mansiysk RUS"]
[Date "2019.09.20"]
[Round "7"]
[White "Grischuk, Alexander"]
[Black "Dominguez Perez, Leinier"]
[Result "1-0"]
[WhiteElo "2759"]
[BlackElo "2763"]
[PlyCount "175"]
[EventDate "2019.09.10"]

1. Nf3 d5 2. g3 Nf6 3. Bg2 e6 4. O-O Be7 5. c4 O-O 6. d4 dxc4 7. Qc2 a6 8. a4
Bd7 9. Qxc4 Bc6 10. Bg5 Nbd7 11. Nc3 h6 12. Bxf6 Nxf6 13. Rfd1 Bd5 14. Qd3 Bxf3
15. Bxf3 c6 16. Kg2 Qa5 17. e3 Rfd8 18. Qc4 Rac8 19. Rab1 Nd5 20. Qb3 Qb4 21.
Qc2 a5 22. h4 Nf6 23. h5 Rc7 24. Ne2 Qb6 25. Nf4 Nd5 26. Rbc1 Bd6 27. Nd3 Nb4
28. Qb3 Rcd7 29. Be4 Qc7 30. Rh1 Nxd3 31. Bxd3 Be7 32. Bb1 Qd6 33. Qc2 Bf6 34.
Qc5 Qxc5 35. Rxc5 Rd5 36. Rc4 e5 37. Be4 R5d7 38. dxe5 Bxe5 39. b4 axb4 40.
Rxb4 Ra8 41. Rhb1 Ra7 42. Bf5 Re7 43. Bc8 c5 44. Rb5 Rc7 45. Bxb7 Rxa4 46. Bd5
Kf8 47. f4 Bc3 48. e4 Bd4 49. e5 c4 50. Rb8+ Ke7 51. R1b7 Ra7 52. Bc6 f5 53.
Rxc7+ Rxc7 54. Ba4 Ra7 55. Rb4 Rc7 56. Kf3 Ke6 57. Bc2 Ba7 58. Ra4 Bb6 59. Ke2
Kd5 60. Bxf5 Ra7 61. Rxa7 Bxa7 62. Kf3 Bc5 63. Bh7 c3 64. Kg4 Bf2 65. Bg8+ Kc6
66. Bb3 Kd7 67. Kf3 Be1 68. g4 Bd2 69. Ke4 Ke7 70. Kf5 Be3 71. g5 hxg5 72. Kxg5
Bd2 73. Kg4 Be3 74. Kf3 Bd2 75. h6 gxh6 76. f5 c2 77. f6+ Kf8 78. Bxc2 Bc3 79.
Kf4 h5 80. Bd1 h4 81. Bg4 Ba5 82. Kf5 Bc7 83. e6 Bd8 84. Bh5 h3 85. Bg4 h2 86.
Bf3 Kg8 87. Kg6 Kf8 88. Bc6 1-0

[Event "FIDE World Cup 2019"]
[Site "Khanty-Mansiysk RUS"]
[Date "2019.09.21"]
[Round "8"]
[White "Alekseenko, Kirill"]
[Black "Ding, Liren"]
[Result "1/2-1/2"]
[WhiteElo "2671"]
[BlackElo "2811"]
[PlyCount "119"]
[EventDate "2019.09.10"]

1. e4 e5 2. Nf3 Nc6 3. Bc4 Nf6 4. d3 Bc5 5. c3 d6 6. O-O O-O 7. Re1 a5 8. h3 h6
9. Nbd2 Be6 10. Bb5 Qb8 11. Nf1 Qa7 12. d4 exd4 13. Bxc6 dxc3 14. Ba4 Bxf2+ 15.
Kh2 Bxe1 16. Qxe1 d5 17. Be3 Qa6 18. e5 Ne4 19. bxc3 Qc4 20. Bb3 Qxc3 21. N1d2
a4 22. Rc1 Qa5 23. Bc2 Bf5 24. Qh4 Rfe8 25. Qf4 Bg6 26. Nxe4 dxe4 27. Bxe4 Bxe4
28. Qxe4 c6 29. a3 Re6 30. Rc4 Qd5 31. Qxd5 cxd5 32. Rd4 Rb6 33. Rxd5 Rb3 34.
Bc5 Rb5 35. Nd4 Rba5 36. Nf5 Kh7 37. Ne7 Rb5 38. Bb4 Rxd5 39. Nxd5 Re8 40. Bd6
Ra8 41. Kg3 Ra6 42. Nb4 Rb6 43. Kf4 f6 44. Ke4 fxe5 45. Kd5 Rb5+ 46. Kc4 Ra5
47. Bc7 Ra8 48. Bxe5 g5 49. Nd5 h5 50. g3 Kg6 51. h4 Kf5 52. Bf6 Rc8+ 53. Kb4
Ke6 54. Ne7 gxh4 55. gxh4 Rc1 56. Bg5 Rb1+ 57. Kxa4 b5+ 58. Ka5 Rb3 59. Kb6
Rxa3 60. Kxb5 1/2-1/2

[Event "FIDE World Cup 2019"]
[Site "Khanty-Mansiysk RUS"]
[Date "2019.09.21"]
[Round "8"]
[White "Xiong, Jeffery"]
[Black "Duda, Jan-Krzysztof"]
[Result "1-0"]
[WhiteElo "2707"]
[BlackElo "2730"]
[PlyCount "81"]
[EventDate "2019.09.10"]

1. e4 e5 2. Bc4 Nf6 3. d3 c6 4. Nf3 d5 5. Bb3 Bb4+ 6. Bd2 Bxd2+ 7. Qxd2 Qd6 8.
Qg5 Nbd7 9. exd5 cxd5 10. d4 e4 11. Ne5 O-O 12. Nc3 Nb6 13. f3 Be6 14. O-O-O
Rac8 15. Qd2 a6 16. Rhe1 exf3 17. gxf3 Nfd7 18. h4 f6 19. Nd3 Bf7 20. Qf4 Rc6
21. Qxd6 Rxd6 22. Nc5 Rb8 23. Re7 Kf8 24. Rde1 Nxc5 25. dxc5 Rd7 26. Rxf7+ Kxf7
27. cxb6 Rbd8 28. Nxd5 Kg6 29. c4 Kh5 30. Re4 Rc8 31. Kd2 g5 32. Ke3 Rf7 33.
hxg5 fxg5 34. Ba4 Kh6 35. Be8 Rf8 36. Bd7 Rb8 37. b4 Kg6 38. Nc7 Rfd8 39. Re7
Rh8 40. Be8+ Kf6 41. Nd5+ 1-0

[Event "FIDE World Cup 2019"]
[Site "Khanty-Mansiysk RUS"]
[Date "2019.09.21"]
[Round "8"]
[White "Svidler, Peter"]
[Black "Vachier-Lagrave, Maxime"]
[Result "1/2-1/2"]
[WhiteElo "2729"]
[BlackElo "2774"]
[PlyCount "61"]
[EventDate "2019.09.10"]

1. e4 c5 2. Nf3 d6 3. d4 cxd4 4. Nxd4 Nf6 5. Nc3 a6 6. Nb3 Nbd7 7. Be3 h5 8. a4
g6 9. a5 Bg7 10. Be2 b5 11. axb6 Nxb6 12. h3 Qc7 13. Qd4 Rb8 14. Bxa6 O-O 15.
Qd3 Bxa6 16. Rxa6 Nc4 17. Bc1 e6 18. O-O Nd7 19. Rd1 Rfc8 20. Qe2 Rb6 21. Rxb6
Qxb6 22. Qd3 Nde5 23. Qe2 Nd7 24. Qd3 Nde5 25. Qg3 Nc6 26. Ne2 Nxb2 27. Rxd6
Qb4 28. Nd2 Nc4 29. Nxc4 Qxc4 30. Qd3 Qxd3 31. Rxd3 1/2-1/2